Normal view
MARC view
- Durrani, Tehmina.
Entry Personal Name
001 - CONTROL NUMBER
- control field: 11075
003 - CONTROL NUMBER IDENTIFIER
- control field: NUST
005 - DATE AND TIME OF LATEST TRANSACTION
- control field: 20180607043425.0
008 - FIXED-LENGTH DATA ELEMENTS
- fixed length control field: 180607|| aca||aabn | a|a d
040 ## - CATALOGING SOURCE
- Original cataloging agency: NUST
- Transcribing agency: NUST
100 ## - HEADING--PERSONAL NAME
- Personal name: Durrani, Tehmina.
670 ## - SOURCE DATA FOUND
- Source citation: Work cat.: (NUST)174602: Durrani, Tehmina., My feudal lord /, 1991.
